| 000 | 00983nam a22003370a 4500 | ||
|---|---|---|---|
| 001 | PT28363 | ||
| 003 | AR-LpoUNG | ||
| 005 | 20210131233428.0 | ||
| 008 | 191001s2004||||ag |||||||||||||||||spa d | ||
| 020 |
_a9506981183 _c$13,35 |
||
| 040 |
_aAR-LpoUNG _bspa _cAR-LpoUNG _eaacr |
||
| 041 | _aspa | ||
| 044 | _aag | ||
| 082 | 0 | _a507.2 865cam | |
| 100 | 1 | _aTruffer, Isabel B. | |
| 245 | 1 | 3 |
_aEl campo de ciencia y tecnología en la UNER : _bcapitales, agentes y estrategias |
| 250 | _a1§ edición | ||
| 260 |
_aParaná : _bUniversidad Nacional de Entre Ríos, _cnoviembre 2004. |
||
| 300 |
_a282 p. : _bil., gráfs. |
||
| 650 | 4 | _aASPECTOS ECONOMICOS | |
| 650 | 4 | _aCIENCIA Y TECNOLOGIA | |
| 650 | 4 | _aDATOS ESTADISTICOS | |
| 650 | 4 | _aENSEÑANZA SUPERIOR | |
| 650 | 4 | _aINVESTIGACION Y DESARROLLO | |
| 650 | 4 | _aMARCO INSTITUCIONAL | |
| 650 | 4 | _aPROYECTOS DE INVESTIGACION | |
| 651 | 4 | _aArgentina | |
| 700 | 1 | _aStorani, Silvia M. | |
| 905 | _a28363 | ||
| 942 | _cLIB | ||
| 999 |
_c20570 _d20570 |
||